000 01523nam2a22003011 4500
001 RU\NLR\Per\1155889
005 20250624191807.0
035 _a(NLR Aleph) 010842565
090 _a10334491
_c10334491
100 _a20150915d1906 |||y0rusy50 ca
101 0 _arus
102 _aRU
105 _ay ||||000|y
135 _acrmn mmmanaba
200 1 _aПозировка и освещение при снимании портретов в павильоне и комнате
_fКлари
210 _d1906
_aБ. м.
325 1 _aКопия доступна в электронной библиотеке РНБ
461 0 _1001RU\NLR\INFOCOMM20\5000030787
_12001#$aФотографический вестник$eЖурн. практ. светописи для фотографов и любителей$vПрил. к Г. 12 1905, № 6-12
_94672148
_cСПб.
_d1887-1911
_nБ. Зенгер
_oЖурн. практ. светописи для фотографов и любителей
_tФотографический вестник
_vПрил. к Г. 12 1905, № 6-12
700 1 _aКлари
_bС.
801 0 _aRU
_bNLR
_c20150915
_gpsbo
801 1 _aRU
_bNLR
_c20150915
_2rusmarc
852 _aNLR
_j2/1669
901 _eПериодические издания
942 _cISSUE
980 _aNB
980 _aRUSPER
981 2 7 _a(27) Периодические издания
_b(27) Журналы